September 11, 2001 Timeline Trivia - Statistics

General Stats
  • This quiz has been taken 42 times
  • The average score is 11 of 20
Answer Stats
Question Answer % Correct
What time was the north tower hit? 8:46 am
88%
Which flight hit the north tower? American Airlines Flight 11
79%
Which flight was planned to attack the White House or Capitol, but was heroically brought down by passengers in Pennsylvania? United Airlines Flight 93
79%
What time was the south tower hit? 9:03 am
76%
Which flight hit the Pentagon? American Airlines Flight 77
74%
Which flight hit the south tower? United Airlines Flight 175
68%
What time did the fourth plane crash into a field? 10:03 am
65%
How many of these fatalities were from hijackers? 19
65%
What time did U.S. air traffic shut down? 9:45 am
59%
What time did the north tower fall? 10:28 am
56%
Roughly how many people jumped or fell from the North Tower? 200
56%
What time was the Pentagon hit? 9:37 am
56%
What time did the south tower fall? 9:59 am
53%
How many total fatalities were there from the attacks? 2,996
50%
How many of these fatalities were from victims? 2,977
44%
What time did Building 7 fall? 5:20 pm
38%
How fast was the plane that hit the north tower traveling at moment of impact? 466 mph
15%
How fast was the plane that hit the Pentagon traveling at moment of impact? 530 mph
12%
How fast was the plane that hit the south tower traveling at moment of impact? 590 mph
12%
How fast was the plane that crashed into the Pennsylvania field traveling at moment of impact? 583 mph
6%
No matching quizzes found
Score Distribution
Percent of People with Each Score
Percentile by Number Answered
Your Score History
You have not taken this quiz